02180nam a22003974a 4500001001200000003000800012006001900020007001500039008004100054010001700095020003600112040002100148035002100169043001200190050002400202082001900226100002100245245016300266260006200429300002400491490005900515504006400574505047400638533015201112600003501264610007001299650005601369650004301425650004001468655002901508700002301537710001701560830006001577856012601637999001901763ebr10120267CaPaEBRm u cr cn|||||||||050323s2005 txua sb 001 0beng  z 2005008454 z1574411993 (cloth : alk. paper) aCaPaEBRcCaPaEBR a(OCoLC)228136522 an-us-tx14aHV9468b.H77 2005eb04a365/.92aB2221 aHorton, David M.10aWalking Georgeh[electronic resource] :bthe life of George John Beto and the rise of the modern Texas prison system /cDavid M. Horton and George R. Nielsen. aDenton, Texas :bUniversity of North Texas Press,cc2005. axii, 257 p. :bill.1 aNorth Texas crime and criminal justice series ;vno. 5 aIncludes bibliographical references (p. 239-243) and index.0 aThe early years : Hysham, Montana; New Rockford, North Dakota; and Lena, Illinois (1916-1939) -- Concordia Lutheran College, Austin, Texas (1939-1959) -- The Texas prison system : the first one hundred years (1849-1953) -- The Texas Prison Board : Beto, Coffield, and Ellis (1953-1959) -- Concordia Theological Seminary, Springfield, Illinois (1959-1962) -- The Texas Department of Corrections (1962-1972) -- Sam Houston State University, Huntsville, Texas (1972-1991). aElectronic reproduction.bPalo Alto, Calif. :cebrary,d2013.nAvailable via World Wide Web.nAccess may be limited to ebrary affiliated libraries.10aBeto, George John,d1916-1991.10aTexas.bDept. of CorrectionsxOfficials and employeesvBiography. 0aPrisonszTexasxOfficials and employeesvBiography. 0aPrison administrationzTexasxHistory. 0aCollege teacherszTexasvBiography. 7aElectronic books.2local1 aNielsen, George R.2 aebrary, Inc. 0aNorth Texas crime and criminal justice series ;vno. 5.40uhttp://site.ebrary.com/lib/rucke/Doc?id=10120267zAn electronic book accessible through the World Wide Web; click to view c112028d112028